বাংলাপিডিয়া : বাংলাদেশ জাতীয় জ্ঞানকোষ, খণ্ড ৯ /

Dettagli Bibliografici
Ente Autore: বাংলাদেশ এশিয়াটিক সোসাইটি
Altri autori: ইসলাম, সিরাজুল, ১৯৩৯-, মিয়া, সাহাজান
Natura: Libro
Lingua:English
Pubblicazione: ঢাকা : বাংলাদেশ এশিয়াটিক সোসাইটি, ২০০৩ [প্রথম পুনর্মুদ্রণ ২০০৪].
Edizione:প্রথম প্রকাশ
Soggetti:
Classic Catalogue: View this record in Classic Catalogue
LEADER 01990nam a22003017a 4500
001 8533
003 BD-DhAAL
008 110618s2003 bg ab e 000 0 eng
020 |a 9843205979 (খণ্ড ৯) 
040 |a BD-DhAAL  |c BD-DhAAL  
043 |a a-bg--- 
082 0 0 |a 954.92003  |2 22 
245 0 0 |a বাংলাপিডিয়া :  |b বাংলাদেশ জাতীয় জ্ঞানকোষ,  |n খণ্ড ৯ /  |c প্রধান সম্পাদক, সিরাজুল ইসলাম ; ব্যবস্থাপনা সম্পাদক, সাহাজান মিয়া. 
250 |a প্রথম প্রকাশ 
260 |a ঢাকা :  |b বাংলাদেশ এশিয়াটিক সোসাইটি,  |c ২০০৩ [প্রথম পুনর্মুদ্রণ ২০০৪]. 
300 |a ৪৯৯ পৃষ্ঠা :  |b চিত্র. (some col.), ম্যাপ (chiefly col.) ;  |c ২৫ সে.মি. 
362 |a খণ্ড ৯ 
541 |a Complimentary copy from BIED (36315)  |e 8533, 4739, 36315 
651 0 |a Bangladesh  |v Encyclopedias.  |9 21162 
700 1 |a ইসলাম, সিরাজুল,  |d ১৯৩৯-  |9 21163 
700 1 |a মিয়া, সাহাজান   |9 21164 
710 2 |a বাংলাদেশ এশিয়াটিক সোসাইটি.  |9 21165 
852 1 |a Ayesha Abed Library   |c Reference Shelf   |i  vol. 9 
942 |2 ddc  |c BK 
999 |c 43361  |d 43361 
952 |0 0  |1 0  |2 ddc  |4 0  |6 954_920030000000000_BAN  |7 1  |9 17211  |a BRACUL  |b BRACUL  |c REF  |d 2011-06-21  |g 715.00  |l 0  |o 954.92003 BAN  |p 3010008533  |r 2011-06-21  |t 1  |w 2011-06-21  |y BK 
952 |0 0  |1 0  |2 ddc  |4 0  |6 954_920030000000000_BAN  |7 1  |9 43661  |a SCL  |b SCL  |c REF  |d 2004-03-30  |l 0  |o 954.92003 BAN  |p 3020004739  |r 2014-09-01  |t 2  |w 2014-09-01  |y BK 
952 |0 0  |1 0  |2 ddc  |4 0  |6 954_920030000000000_BAN  |7 1  |9 69534  |a BRACUL  |b BRACUL  |c REF  |d 2021-12-01  |e Complimentary copy from BIED  |g 715.00  |l 0  |o 954.92003 BAN  |p 3010036315  |r 2021-12-01  |t 3  |w 2021-12-01  |y BK  |x BIED-00770